000 00554nam a22001817a 4500
999 _c184052
_d184052
005 20220112113603.0
010 _aENG-131074
020 _a978-93-51-838-684
_c495.00
035 _aEN-114606
037 _bDBAD
082 _a330
100 _aDas, Abhijit
245 _aISC ECONOMICS:
_cAbhijit Das, Kalyan Basu
_bfor class XI/
260 _aNew Delhi
_bS Chand School Books
_c2013
270 _bNew Delhi
_aA-27, 2nd Floor, Mohan Co-operative Industrial Estate
_e110044
300 _a461p.
_c24cm(pbk)
942 _2ddc
_cEN
_h330
_mDAS